000 00867na a2200289 4500
001 13727
003 MIRAKIL
005 20181213155250.0
008 160908b tu 000 0
020 _a9789757059134 (c.2)
020 _a975781511X (c.1)
020 _a9757815101 (tk.)
035 _a13727
040 _aMilas
_btur
_cTR-AnCHP
082 _aATA 920.02
_bA42k 2002
090 _aATA 920.02 A42k 2002
100 _aAkdoğan, Lütfü
245 _aKrallar ve başkanlarla 50 yıl
_cLütfü Akdoğan
260 _aİstanbul
_bABC Yayınları
_c2002
300 _a2 c.
_c23 sm.
600 _aGülek, Kasım
_xAnılar
600 _aİnönü, İsmet
_xAnılar
600 _aAkdoğan, Lütfü
_xAnılar
_xKral ve Devlet Başkanları
600 _aAtatürk, Mustafa Kemal
_d1881-1938
_xAnılar
650 _a27 Mayıs 1960
_xAnılar
942 _2ddc
_cBKS
999 _c9546
_d9546